00687nam a2200241 a 4500001001300000003000900013005001700022008004100039020001200080082001300092100001900105245004900124260003400173300000900207500003500216505001000251650002300261700001900284902000800303942000700311952011200318999001500430nice12345678IN_TiNIC20260116012857.0050524s1963 lona grp 000 0 eng  ac16.2500a262bKAI aKaiser, Robert aInside the Councilb the Story of Vatican II aLondonbBurns and Oatesc1963 a250p aincludes index and biblioraphy2 aIndex aVatican II Council1 aKaiser, Robert bSRS cBK 001040708StackRoom-aHMIbHMId2007-07-11g16.25l0o262 KAIp011042r2007-07-11v16.25w2005-05-24yBK c8741d8741